Barbados Trivia Quiz - Statistieken

Algemene statistieken
  • Deze quiz is 257 keer genomen
  • De gemiddelde score is 8 van 12
Antwoordstatistieken
Hint Antwoord % Correct
Officiële talen Engels
99%
Meest populaire sport Cricket
81%
Internationale popzangeres uit Barbados (geboren in 1988 als Robyn Fenty) Rihanna
81%
Barbados is het meest oostelijke eiland in deze keten Kleine {Antillen}
79%
Industrie die goed is voor ongeveer 35% van het BBP van Barbados Toerisme
77%
Hoofdstad Bridgetown
70%
Drank geproduceerd door het bedrijf Mount Gay sinds 1703 Rum
69%
Belangrijkste exportgewas van Barbados tijdens koloniale tijden Suiker
59%
Wapen dat zichtbaar is op de vlag Drietand
55%
Per ongeluk ontdekt fruit in Barbados dat een kruising is van een sinaasappel en een pomelo Grapefruit
42%
Het eiland is onderverdeeld in 11 van deze administratieve delen Parishes
33%
Creoolse voertaal Bajan
23%
Geen overeenkomende quizzen gevonden
Scoreverdeling
Procent van Mensen met Elke Score
Percentiel versus Aantal Correcte Antwoorden
Uw Scoregeschiedenis
U heeft deze quiz nog niet genomen